| Tag |
First Indicator |
Second Indicator |
Subfields |
| LEADER |
00000cam a2200000 i 4500 |
| 001 |
in00000813232 |
| 005 |
20151018115032.0 |
| 008 |
800811s1980 mdua b f00010 eng d |
| 010 |
|
|
|a gp 80021886
|
| 020 |
|
|
|c pbk.
|
| 035 |
|
|
|a (OCoLC)06622706
|
| 035 |
|
|
|9 ADV2101AM
|
| 037 |
|
|
|b 20205
|
| 040 |
|
|
|c GPO
|d MvI-ran
|d UtOrBLW
|
| 074 |
|
|
|a 507-G-12
|
| 086 |
0 |
|
|a HE 20.3159/2:198
|
| 110 |
2 |
|
|a National Cancer Institute (U.S.)
|
| 245 |
1 |
0 |
|a Bioassay of a mixture of 1,2,3,6,7,8- and 1,2,3,7,8,9-hexachlorodibenzo-p-dioxins for possible carcinogenicity (gavage study) /
|c Carcinogenesis Testing Program, National Cancer Institute, National Institutes of Health, and National Toxicology Program.
|
| 264 |
|
1 |
|a Bethesda, Md. :
|b Dept. of Health and Human Services, Public Health Service, National Institutes of Health,
|c 1980.
|
| 300 |
|
|
|a x, 173 pages :
|b illustrations ;
|c 27 cm.
|
| 336 |
|
|
|a text
|b txt
|2 rdacontent
|
| 337 |
|
|
|a unmediated
|b n
|2 rdamedia
|
| 338 |
|
|
|a volume
|b nc
|2 rdacarrier
|
| 490 |
1 |
|
|a Carcinogenesis technical report series ; no. 198
|
| 490 |
1 |
|
|a DHHS publication ; no. (NIH) 80-1754
|
| 490 |
0 |
|
|a NTP ; 80-12
|
| 500 |
|
|
|a Cover title: Bioassay of a mixture of 1,2,3,6,7,8-hexachlorodibenzo-p-dioxin and 1,2,3,7,8,9-hexachlorodibenzo-p-dioxin (gavage) for possible carcinogenicity.
|
| 500 |
|
|
|a "CAS Number 57653-85-7."
|
| 500 |
|
|
|a "CAS Number 19408-74-3."
|
| 500 |
|
|
|a Aug. 1980.
|
| 504 |
|
|
|a Bibliography: pages 43-45.
|
| 650 |
|
0 |
|a Carcinogenicity testing.
|
| 650 |
|
0 |
|a Dioxins
|x Toxicology.
|
| 710 |
2 |
|
|a National Institutes of Health (U.S.)
|
| 810 |
1 |
|
|a United States.
|b National Cancer Institute.
|t Carcinogenesis technical report series ;
|v no. 198.
|
| 830 |
|
0 |
|a DHHS publication ;
|v no. (NIH) 80-1754.
|
| 999 |
|
|
|a MARS
|
| 999 |
f |
f |
|s 1f9655c5-f078-38aa-965b-4366dabe2524
|i 363ba0b5-5faf-31ac-9bef-0d19de764963
|t 0
|
| 952 |
f |
f |
|p normal
|a Texas A&M University
|b College Station
|c Sterling C. Evans Library
|d Evans: US Documents (Annex 5th floor)
|t 0
|e HE 20.3159/2:198
|h Superintendent of Documents classification
|i unmediated -- volume
|m A14814478076
|
| 998 |
f |
f |
|a HE 20.3159/2:198
|t 0
|l Evans: US Documents (Annex 5th floor)
|